Alimenti gialli per immagini - Statistics

Statistiche generali
  • Questo quiz è stato fatto 153 volte
  • Il punteggio medio è 16 su 24
Statistiche sulle risposte
con Immagini Risposta % Corretto
Ananas
99%
Limone
99%
Mais
98%
Banana
97%
Miele
97%
Pasta
97%
Patata
97%
Tuorlo d'uovo
96%
Mela
95%
Burro
93%
Patatine
92%
Pera
92%
Peperone
91%
Grano
84%
Olio di girasole
83%
Emmental
72%
Omelette
47%
Curry
46%
Dente di leone
35%
Finferli
17%
Senapa
15%
Carambola
7%
Kiwano
0%
Mirabella
0%
Nessun quiz corrispondente trovato
Distribuzione punteggi
Percentuale di utenti per punteggio
Percentile per numero di risposta
I tuoi punteggi nel tempo
Non hai fatto questo quiz